| 000 | 00400nam a2200109Ia 4500 | ||
|---|---|---|---|
| 008 | 160531s9999 xx 000 0 und d | ||
| 100 | _aMarquis, Bessie L. | ||
| 245 | _aLeadership Roles And Management Functions In Nursing: Theory And Application | ||
| 245 | _cBessie L Marquis, Carol J. Huston MSN MPA DPA | ||
| 260 | _c2015 | ||
| 856 | _uhttp://file.ebook777.com/003/LeaRolAndManFunInNurTheAndApp.pdf | ||
| 999 |
_c295320 _d295320 |
||